Women of kuwait / (Record no. 139568)

MARC details
000 -LEADER
fixed length control field 00571nam a22001817a 4500
005 - DATE AND TIME OF LATEST TRANSACTION
control field 20170509144430.0
010 ## - LCCN (DPL NO)
LC control number ENG-117825
020 ## - INTERNATIONAL STANDARD BOOK NUMBER
International Standard Book Number 9788124119563
Terms of availability 695.00
035 ## - SYSTEM CONTROL NUMBER
System control number EN-101357
037 ## - SOURCE OF ACQUISITION
Source of stock number/acquisition DBAD/PUB
082 ## - DEWEY DECIMAL CLASSIFICATION NUMBER
Classification number 920.72095367
100 ## - MAIN ENTRY--PERSONAL NAME
Personal name Roy, Chaitali Banerjee
245 ## - TITLE STATEMENT
Title Women of kuwait /
Remainder of title Turking tides
Statement of responsibility, etc by Chaitali banerjee roy
260 ## - PUBLICATION, DISTRIBUTION, ETC. (IMPRINT)
Place of publication, distribution, etc New Delhi
Name of publisher, distributor, etc Har-Anand Publication
Date of publication, distribution, etc 2016
270 ## - ADDRESS
Address E-49/3, Okhla Industrial Area, Phase-II, New Delhi-110020
300 ## - PHYSICAL DESCRIPTION
Extent 144p
Dimensions 22cm.(Hb)
942 ## - ADDED ENTRY ELEMENTS (KOHA)
Source of classification or shelving scheme Dewey Decimal Classification
Item type English Books
Classification part 920.72095367
Call number suffix ROY
Holdings
Withdrawn status Lost status Not for loan Collection code Home library Current library Date acquired Source of acquisition Cost, normal purchase price Full call number Barcode Copy number Cost, replacement price Koha item type
      Non-fiction Patel Nagar Patel Nagar 08/05/2017 DBAD/PUB 695.00 920.72095367 ROY EN-101357 1 695.00 English Books

© Delhi Public Library
Hit Counter
free hit counter